000 00477nam a2200181Ia 4500
008 100920s9999 xx 000 0 und d
082 _b71773
_a--- 0
100 _aधाराशिवकर मुकुंद.
245 _aरिंगण.
260 _b---
_c0
300 _a205
_bसाधी
365 _b22
520 _aकादंबरी.
630 _aरिंगण.
650 _aकादंबरी.
730 _aरिंगण.
942 _cBOOK
999 _c713628
_d713625